000
00239nam a2200097Ia 4500
001
1116651
005
20250827004050.0
008
250824s9999 xx 000 0 und d
245
0
_a
ÇOK YÖNLÜ
_c
DAVID EPSTEIN
260
_b
MUNDİ YAYINCILIK
999
_c
1116651
_d
1116651